Footballers from La Liga at the FIFA World Cup 2022 - Statistics

General Stats
  • This quiz has been taken 343 times
  • The average score is 39 of 86
Answer Stats
Club Country Answer % Correct
Barcelona Spain Gavi
92%
Barcelona Spain Pedri
92%
Real Madrid Croatia Luka Modrić
88%
Barcelona Poland Robert Lewandowski
88%
Barcelona Netherlands Frenkie de Jong
87%
Real Madrid Belgium Thibaut Courtois
83%
Real Madrid Brazil Vinícius Júnior
83%
Real Madrid Uruguay Federico Valverde
81%
Barcelona Germany Marc-André ter Stegen
81%
Barcelona Uruguay Ronald Araújo
80%
Real Madrid Brazil Rodrygo
79%
Barcelona Denmark Andreas Christensen
78%
Barcelona France Jules Koundé
77%
Barcelona Brazil Raphinha
77%
Real Madrid France Aurélien Tchouaméni
75%
Real Madrid Belgium Eden Hazard
73%
Real Madrid France Eduardo Camavinga
72%
Real Madrid Germany Antonio Rüdiger
71%
Barcelona Spain Sergio Busquets
71%
Atletico Madrid France Antoine Griezmann
70%
Real Madrid Spain Dani Carvajal
70%
Real Madrid Brazil Éder Militão
68%
Barcelona Netherlands Memphis Depay
68%
Barcelona Spain Jordi Alba
66%
Barcelona France Ousmane Dembélé
66%
Barcelona Spain Ferran Torres
65%
Celta Vigo United States Luca de la Torre
63%
Atletico Madrid Argentina Rodrigo De Paul
63%
Villarreal Spain Pau Torres
60%
Barcelona Spain Alejandro Balde
58%
Sevilla Morocco Yassine Bounou
56%
Athletic Bilbao Ghana Iñaki Williams
54%
Athletic Bilbao Spain Nico Williams
54%
Atletico Madrid Belgium Yannick Carrasco
54%
Atletico Madrid Portugal João Félix
53%
Atletico Madrid Spain Koke
51%
Real Madrid Spain Marco Asensio
51%
Sevilla Morocco Youssef En-Nesyri
51%
Barcelona Spain Ansu Fati
50%
Atletico Madrid Belgium Axel Witsel
50%
Atletico Madrid Uruguay José Giménez
50%
Sevilla Argentina Marcos Acuña
50%
Atletico Madrid Argentina Nahuel Molina
49%
Real Sociedad Japan Takefusa Kubo
47%
Atletico Madrid Spain Álvaro Morata
45%
Barcelona Spain Eric García
44%
Atletico Madrid Argentina Ángel Correa
43%
Athletic Bilbao Spain Unai Simón
42%
Sevilla Argentina Gonzalo Montiel
41%
Sevilla Argentina Papu Gómez
40%
Atletico Madrid Spain Marcos Llorente
39%
Sevilla Serbia Nemanja Gudelj
34%
Real Mallorca South Korea Lee Kang-in
32%
Villarreal Argentina Juan Foyth
31%
Real Betis Portugal William Carvalho
31%
Real Betis Argentina Guido Rodríguez
29%
Espanyol Denmark Martin Braithwaite
29%
Sevilla Denmark Thomas Delaney
29%
Valencia United States Yunus Musah
29%
Real Betis Mexico Andrés Guardado
28%
Villarreal Argentina Gerónimo Rulli
27%
Valencia Uruguay Edinson Cavani
24%
Real Betis Argentina Germán Pezzella
23%
Osasuna Croatia Ante Budimir
22%
Villarreal Senegal Nicolas Jackson
22%
Villarreal Spain Yeremy Pino
21%
Real Valladolid Ecuador Gonzalo Plata
20%
Atletico Madrid Croatia Ivo Grbić
20%
Sevilla Serbia Marko Dmitrović
20%
Real Betis Senegal Youssouf Sabaly
20%
Getafe Serbia Nemanja Maksimović
19%
Real Valladolid Morocco Jawad El Yamiq
17%
Sevilla Brazil Alex Telles
16%
Celta Vigo Ghana Joseph Aidoo
15%
Sevilla Denmark Kasper Dolberg
15%
Getafe Serbia Stefan Mitrović
15%
Valencia Spain Hugo Guillamón
14%
Real Mallorca Serbia Predrag Rajković
14%
Valencia Switzerland Eray Cömert
13%
Rayo Vallecano Senegal Pathé Ciss
12%
Osasuna Morocco Abde Ezzalzouli
9%
Cadiz Australia Awer Mabil
9%
Almeria Serbia Srđan Babić
8%
Leganes Japan Gaku Shibasaki
6%
Ponferradina Iran Amir Abedzadeh
3%
Lugo Costa Rica Patrick Sequeira
3%
No matching quizzes found
Score Distribution
Percent of People with Each Score
Percentile by Number Answered
Your Score History
You have not taken this quiz